[Event "FINAL MISTRZOSTW POLSKI MLODZIKOW 2016 - CHLOPCY"]
[Site "Jastrzebia Gora"]
[Date "1899-12-30"]
[Round "6.29"]
[White "Doskocz, Karol"]
[Black "Jaskiewicz, Kacper"]
[Result "1/2-1/2"]
[WhiteTitle "II"]
[BlackTitle "II"]
[WhiteElo "1074"]
[BlackElo "1100"]

1. c4 e5 2. g3 Nf6 3. Bg2 Bc5 4. d3 a6 5. Nc3 Nc6 6. Nf3 h6 7. a3 d6 8. b4 Bb6
9. Bb2 Be6 10. O-O Qd7 11. Nd2 Bh3 12. Nde4 Nxe4 13. Nxe4 Bxg2 14. Kxg2 f5 15.
Nc3 Bd4 16. e3 Bxc3 17. Bxc3 O-O 18. b5 Ne7 19. a4 Rf7 20. d4 exd4 21. Qxd4 axb5
22. axb5 Rd8 23. Rfd1 b6 24. Ra7 Nc8 25. Ra2 Qe6 26. Rad2 Re8 27. Qd5 Qxd5+ 28.
Rxd5 g6 29. Ra1 Ne7 30. Rd2 Kf8 31. Ra7 Rc8 32. Rda2 Ke8 33. Ra8 Kd7 34. Rxc8
Nxc8 35. Kf3 Re7 36. Rd2 c6 37. bxc6+ Kxc6 38. Bf6 Rf7 39. Bd4 Ne7 40. Rb2 Nc8
41. h4 Ra7 42. Rb4 Rf7 43. e4 fxe4+ 44. Kxe4 h5 45. Rb5 Rf8 46. Rg5 Re8+ 47. Kd3
Re6 48. Rb5 1/2-1/2

[Event "FINAL MISTRZOSTW POLSKI MLODZIKOW 2016 - CHLOPCY"]
[Site "Jastrzebia Gora"]
[Date "1899-12-30"]
[Round "6.30"]
[White "Wydmanski, Szymon"]
[Black "Grodzicki, Piotr"]
[Result "1-0"]
[WhiteTitle "III"]
[BlackTitle "II"]
[WhiteElo "1365"]
[BlackElo "1129"]

1. e4 c5 2. Nf3 d6 3. d4 cxd4 4. Nxd4 Nf6 5. Nc3 a6 6. Bg5 e6 7. f4 h6 8. Bh4 Be7
9. Qf3 Nbd7 10. O-O-O Qc7 11. g4 b5 12. a3 Bb7 13. Bg2 d5 14. exd5 Bxd5 15. Nxd5
Nxd5 16. Bxe7 Kxe7 17. f5 Rac8 18. Rhe1 Qf4+ 19. Kb1 Qxf3 20. Bxf3 N7b6 21. fxe6
f6 22. Bxd5 Nxd5 23. Nf5+ 1-0

[Event "FINAL MISTRZOSTW POLSKI MLODZIKOW 2016 - CHLOPCY"]
[Site "Jastrzebia Gora"]
[Date "1899-12-30"]
[Round "6.31"]
[White "Olchowy, Tomasz"]
[Black "Wiszniewski, Szymon"]
[Result "0-1"]
[WhiteTitle "III"]
[BlackTitle "II"]
[WhiteElo "1104"]
[BlackElo "1193"]

1. e4 c5 2. a3 e6 3. d3 Nc6 4. Nf3 d6 5. Be3 Nf6 6. Nc3 Be7 7. Be2 O-O 8. O-O b6
9. Rb1 d5 10. e5 Ng4 11. d4 Nxe3 12. fxe3 c4 13. b4 cxb3 14. Rxb3 Na5 15. Rb1
Bxa3 16. e4 dxe4 17. Nxe4 Bb7 18. Bd3 Nc6 19. c3 Be7 20. Qe1 a5 21. Qg3 a4 22.
Ra1 a3 23. h4 a2 24. h5 h6 25. Nd6 Bxd6 26. exd6 Ra3 27. Nh2 Rxc3 28. Bh7+ Kxh7
29. Qxc3 Qxd6 30. Qc2+ Kg8 31. Rf5 Kh7 32. Rff1+ Kg8 33. Qxa2 Qxd4+ 34. Kh1 Ra8
35. Qb1 Rxa1 36. Qxa1 Qxa1 37. Rxa1 Nd4 38. Rb1 b5 39. Rb4 e5 40. Kg1 Kf8 41.
Kf2 Ke7 42. Nf3 Bxf3 43. gxf3 Kd6 44. Rb1 Kc5 45. Ke3 b4 46. Ke4 b3 47. Kxe5 Nxf3+
48. Kf4 Nd2 49. Rb2 Kc4 50. Rxd2 Kc3 51. Rf2 b2 52. Rxb2 Kxb2 53. Ke5 g5 54. Kf5
Kc3 55. Kg4 Kd4 56. Kf5 Ke3 57. Kg4 Ke4 58. Kg3 f5 59. Kh3 f4 60. Kg2 Ke3 61.
Kf1 Kf3 62. Kg1 Ke2 63. Kg2 f3+ 64. Kg3 f2 65. Kg4 f1=Q 66. Kg3 Qf4+ 67. Kh3 Qh4+
68. Kg2 Qg4+ 69. Kh1 Kf2 0-1

[Event "FINAL MISTRZOSTW POLSKI MLODZIKOW 2016 - CHLOPCY"]
[Site "Jastrzebia Gora"]
[Date "1899-12-30"]
[Round "6.32"]
[White "Fudal, Patryk"]
[Black "Lesien, Tymoteusz"]
[Result "1-0"]
[WhiteTitle "III"]
[BlackTitle "II"]
[WhiteElo "1082"]
[BlackElo "1213"]

1. e4 c5 2. Nf3 e6 3. d4 cxd4 4. Nxd4 Nf6 5. Nc3 d6 6. g4 Be7 7. Rg1 O-O 8. g5
Nfd7 9. Be3 Nc6 10. h4 Nde5 11. Qe2 Nxd4 12. Bxd4 Nc6 13. Be3 d5 14. exd5 exd5
15. Bf4 d4 16. O-O-O Re8 17. Qh5 g6 18. Qf3 Bd6 19. Bxd6 Qxd6 20. Ne4 Ne5 21.
Nf6+ Kf8 22. Nxe8 Nxf3 23. Nxd6 Nxg1 24. Re1 Bf5 25. Nxf5 gxf5 26. Bg2 Rc8 27.
Rxg1 d3 28. Rd1 Rxc2+ 29. Kb1 Rxf2 30. Bxb7 Rh2 31. Rxd3 Rxh4 32. Rf3 f4 33. Kc2
Rh2+ 34. Kc3 Rg2 35. Rxf4 Rxg5 36. a4 Rc5+ 37. Rc4 Re5 38. b4 Ke8 39. b5 Kd7 40.
Kb4 Re7 41. Ka5 f5 42. Ka6 Rf7 43. Kxa7 f4 44. Kb6 f3 45. Bxf3 Rxf3 46. a5 Rf6+
47. Rc6 Rf5 48. a6 h5 49. a7 h4 50. a8=Q 1-0

[Event "FINAL MISTRZOSTW POLSKI MLODZIKOW 2016 - CHLOPCY"]
[Site "Jastrzebia Gora"]
[Date "1899-12-30"]
[Round "6.33"]
[White "Grzadka, Artur"]
[Black "Homza, Dominik"]
[Result "1-0"]
[WhiteTitle "II"]
[BlackTitle "II"]
[WhiteElo "1172"]
[BlackElo "1019"]

1. d4 d5 2. c4 e6 3. Nc3 Nf6 4. Nf3 Be7 5. Bf4 O-O 6. h4 Nc6 7. e3 Bd7 8. Rg1 Ng4
9. Nd2 f5 10. Be2 Nxf2 11. Kxf2 Bxh4+ 12. g3 Bg5 13. Nf3 Be7 14. Qf1 Qe8 15. cxd5
exd5 16. Nxd5 Rc8 17. Nxc7 Qg6 18. Bc4+ Kh8 19. Nd5 Bf6 20. Rh1 Ne7 21. Nxe7 Bxe7
22. Ne5 Qb6 23. Nxd7 Qxb2+ 24. Kg1 Rfd8 25. Rxh7+ Kxh7 26. Qh3+ Kg6 27. Ne5+ Kf6
28. Qh4+ g5 29. Qh6# 1-0

[Event "FINAL MISTRZOSTW POLSKI MLODZIKOW 2016 - CHLOPCY"]
[Site "Jastrzebia Gora"]
[Date "1899-12-30"]
[Round "7.1"]
[White "Fiszer, Bartosz"]
[Black "Bancarewicz, Aleks"]
[Result "1/2-1/2"]
[WhiteTitle "CM"]
[BlackTitle "II"]
[WhiteElo "1557"]
[BlackElo "1254"]

1. c4 f5 2. g3 Nf6 3. Bg2 g6 4. b3 d6 5. d4 Bg7 6. Bb2 O-O 7. Nf3 c6 8. O-O Kh8
9. Nbd2 Be6 10. Ng5 Bg8 11. e4 e6 12. Qc2 d5 13. e5 Ne4 14. Ngxe4 fxe4 15. Rae1
Na6 16. a3 Rc8 17. b4 b5 18. c5 Nc7 19. Nb3 Ne8 20. Na5 Qc7 21. Bc1 a6 22. f3
exf3 23. Bxf3 Rf5 24. Bg4 Rxf1+ 25. Rxf1 Rd8 26. Qg2 Qd7 27. Bg5 Rb8 28. Qh3 Nc7
29. Bf6 Rf8 30. Bxg7+ Kxg7 31. Rxf8 Kxf8 32. Qf1+ Bf7 33. Qf6 Kg8 34. Bh3 Ne8
35. Qh4 Ng7 36. g4 Ne8 37. Bg2 Ng7 38. Qg5 Ne8 39. Bf3 Kg7 40. Kg2 h6 41. Qf4
g5 42. Qe3 Bg6 43. Be2 Be4+ 44. Kg3 Qc7 45. Kh3 Qd7 46. Bd3 Bxd3 47. Qxd3 Qc7
48. Qf3 Qd7 49. Kg2 Qc7 50. Qf2 Qd7 51. h4 gxh4 52. Qxh4 Kg6 53. Qh5+ Kg7 54.
g5 hxg5 55. Qxg5+ Kh7 56. Qh5+ Kg7 57. Kg3 Kg8 58. Qg6+ Kf8 59. Kg4 Ke7 60. Qh7+
Kd8 61. Nb7+ Kc7 1/2-1/2

[Event "FINAL MISTRZOSTW POLSKI MLODZIKOW 2016 - CHLOPCY"]
[Site "Jastrzebia Gora"]
[Date "1899-12-30"]
[Round "7.2"]
[White "Kejna, Piotr"]
[Black "Lyszczarz, Konrad"]
[Result "0-1"]
[WhiteTitle "II"]
[BlackTitle "II+"]
[WhiteElo "1410"]
[BlackElo "1515"]

1. e4 e5 2. Nf3 Nc6 3. Bc4 Bc5 4. c3 Nf6 5. d4 exd4 6. cxd4 Bb4+ 7. Bd2 Nxe4 8.
Bxb4 Nxb4 9. Bxf7+ Kxf7 10. Qb3+ d5 11. Ne5+ Ke6 12. Qxb4 c5 13. Qa4 Qb6 14. Qb3
Qa5+ 15. Ke2 cxd4 16. Nf3 Qa6+ 17. Ke1 Qc4 18. Qxc4 dxc4 19. Nxd4+ Kd5 20. Nb5
Kc6 21. N1c3 Nxc3 22. Nxc3 Re8+ 23. Kd2 Bf5 24. Rad1 Rad8+ 25. Kc1 Bd3 26. Rhe1
b5 27. Rxe8 Rxe8 28. Rd2 b4 29. Nd1 Re1 30. b3 Be2 31. bxc4 Kc5 32. g3 Kxc4 33.
f4 Rxd1+ 34. Rxd1 Bxd1 35. Kxd1 b3 36. a3 b2 37. Kc2 b1=Q+ 38. Kxb1 Kb3 39. f5
Kxa3 40. g4 Kb4 41. g5 Kc5 42. f6 gxf6 43. gxf6 Kd6 44. f7 Ke7 45. f8=N Kxf8 46.
Ka2 Kg7 47. Ka3 Kh6 48. Ka4 Kh5 49. Ka5 Kh4 50. Ka6 Kh3 51. Kxa7 Kxh2 52. Kb6
h5 53. Kc5 h4 54. Kd4 h3 55. Ke3 Kg2 56. Ke4 h2 57. Kd5 h1=Q 58. Kd4 Qh5 59. Ke4
Qg5 60. Kd4 Qf5 61. Kc4 Qe5 62. Kb4 Qd5 63. Kc3 Kf3 64. Kc2 Ke3 65. Kc3 Qd6 66.
Kc4 Qc6+ 67. Kb4 Kd4 68. Ka5 Qb7 69. Ka4 Kc4 70. Ka3 Qb3# 0-1

[Event "FINAL MISTRZOSTW POLSKI MLODZIKOW 2016 - CHLOPCY"]
[Site "Jastrzebia Gora"]
[Date "1899-12-30"]
[Round "7.3"]
[White "Matela, Krzysztof"]
[Black "Meers, Hubert"]
[Result "0-1"]
[WhiteTitle "II"]
[BlackTitle "II+"]
[WhiteElo "1328"]
[BlackElo "1607"]

1. d4 d5 2. e3 Nf6 3. Bd3 e6 4. f4 Nbd7 5. Nf3 b6 6. O-O Be7 7. c3 c5 8. Bd2 O-O
9. Be1 Bb7 10. Bh4 c4 11. Bc2 b5 12. Bxf6 Bxf6 13. Nbd2 Qc7 14. e4 dxe4 15. Ne5
Bxe5 16. fxe5 f5 17. Qh5 Nb6 18. g4 g6 19. Qg5 Qg7 20. h4 h6 21. Qe3 Nd5 22. Qh3
Rae8 23. a4 fxg4 24. Qxg4 Rxf1+ 25. Nxf1 b4 26. Bxe4 bxc3 27. bxc3 Nxc3 28. Bxb7
Qxb7 29. Qxg6+ Qg7 30. Qxg7+ Kxg7 31. Ne3 Ne2+ 32. Kf2 Nxd4 33. Nxc4 Rf8+ 34.
Kg2 Kg6 35. Rd1 Rf4 36. Kh3 Kh5 37. Nd6 Rxh4+ 38. Kg3 Rg4+ 39. Kf2 Nc6 40. Nf7
Rf4+ 41. Ke3 Rxf7 42. Rd6 Nxe5 43. Rxe6 Ng4+ 44. Ke4 Rf1 45. Ra6 Re1+ 46. Kf3
Re7 47. Ra5+ Kh4 48. Ra6 h5 49. Kf4 Rf7+ 50. Ke4 Kg3 51. Rg6 h4 52. a5 h3 53.
Rc6 h2 54. Rc1 h1=Q+ 55. Rxh1 Nf2+ 56. Kd5 Nxh1 57. Kc6 Rf6+ 58. Kb7 a6 59. Ka7
Kf4 60. Kb7 Ke5 61. Kc7 Kd5 62. Kb7 Kc5 63. Ka7 Kb5 64. Kb8 Kc6 65. Ka8 Rf8+ 66.
Ka7 Rh8 67. Kxa6 Ra8# 0-1

[Event "FINAL MISTRZOSTW POLSKI MLODZIKOW 2016 - CHLOPCY"]
[Site "Jastrzebia Gora"]
[Date "1899-12-30"]
[Round "7.4"]
[White "Wojdak, Jan"]
[Black "Dziewonski, Dariusz"]
[Result "1/2-1/2"]
[WhiteTitle "II"]
[BlackTitle "II"]
[WhiteElo "1577"]
[BlackElo "1414"]

1. e4 e6 2. Nf3 d5 3. Nc3 Nf6 4. e5 Nfd7 5. d4 c5 6. dxc5 Nc6 7. Bf4 Bxc5 8. Bd3
f6 9. exf6 Nxf6 10. Qe2 O-O 11. Bg3 Bd7 12. O-O-O Qa5 13. Kb1 Bb4 14. Nb5 Kh8
15. a3 Be7 16. Nbd4 Nxd4 17. Nxd4 Qb6 18. Nb3 a5 19. f3 a4 20. Bf2 Qc7 21. Nd4
e5 22. Nb5 Bxb5 23. Bxb5 d4 24. Bg3 Bd6 25. Rhe1 Rfc8 26. Rc1 Qb6 27. Bxe5 Bxe5
28. Qxe5 Rc5 29. Qxd4 Rxb5 30. Qxb6 Rxb6 31. Rcd1 h6 32. Rd4 Ra5 33. c4 Rc5 34.
Kc2 Rb3 35. Kb1 Rc6 36. Re2 Rc5 37. Ka2 Kh7 38. Re7 b5 39. cxb5 Rcxb5 40. Re2
Nd5 41. Rxa4 Rd3 42. Rc4 Ne3 43. Rc1 Rg5 44. g3 Rf5 45. f4 Rfd5 46. Rce1 Nc4 1/2-1/2

[Event "FINAL MISTRZOSTW POLSKI MLODZIKOW 2016 - CHLOPCY"]
[Site "Jastrzebia Gora"]
[Date "1899-12-30"]
[Round "7.5"]
[White "Pazdzierz, Piotr"]
[Black "Chyzy, Jakub"]
[Result "0-1"]
[WhiteTitle "II"]
[BlackTitle "I"]
[WhiteElo "1319"]
[BlackElo "1803"]

1. Nf3 d5 2. c4 e6 3. g3 Nf6 4. Bg2 dxc4 5. Qa4+ c6 6. Qxc4 b5 7. Qc2 Bb7 8. d4
Nbd7 9. O-O c5 10. Qd1 Rc8 11. b3 Qb6 12. Bb2 cxd4 13. Bxd4 Bc5 14. Bxc5 Nxc5
15. Nbd2 O-O 16. Rc1 Rfd8 17. Qe1 a6 18. b4 Nce4 19. Nxe4 Nxe4 20. e3 Nd6 21.
Qe2 Nc4 22. Rfd1 Be4 23. Nd4 Bxg2 24. Kxg2 Qb7+ 25. Qf3 Qxf3+ 26. Nxf3 f6 27.
Nd4 Kf7 28. Nb3 Ke7 29. Nc5 a5 30. Nd3 Nxe3+ 31. fxe3 Rxc1 32. Rxc1 Rxd3 33. bxa5
Rd2+ 34. Kf3 Rxa2 35. Rc7+ Kf8 36. Ra7 b4 37. a6 b3 38. Ra8+ Kf7 39. Ra7+ Kg6
40. Ke4 b2 41. Rb7 Rxa6 42. Rxb2 Ra4+ 43. Kf3 e5 44. Rb7 Ra2 45. h4 h5 46. Rb6
Ra3 47. Ke4 Ra4+ 48. Kf3 Kf5 49. Rb8 e4+ 50. Kf2 Kg4 51. Rg8 Ra2+ 52. Kf1 Kf3
53. Kg1 Ra7 54. Rh8 Kxg3 0-1

[Event "FINAL MISTRZOSTW POLSKI MLODZIKOW 2016 - CHLOPCY"]
[Site "Jastrzebia Gora"]
[Date "1899-12-30"]
[Round "7.6"]
[White "Rosenfeld, Noe"]
[Black "Bogusz, Alan"]
[Result "1/2-1/2"]
[WhiteTitle "II"]
[BlackTitle "II"]
[WhiteElo "1279"]
[BlackElo "1572"]

1. e4 c5 2. Nf3 d6 3. d4 cxd4 4. Nxd4 Nf6 5. Nc3 a6 6. Bc4 g6 7. f3 Bg7 8. Be3
b5 9. Bb3 Bb7 10. Qd2 Nbd7 11. Bh6 O-O 12. Bxg7 Kxg7 13. O-O-O Rc8 14. h4 h5 15.
Qg5 Ne5 16. Rh3 Qc7 17. Rg3 Rh8 18. f4 Neg4 19. f5 Nxe4 20. Nxe4 Bxe4 21. Bxf7
Qxc2+ 22. Nxc2 Rxc2+ 23. Kb1 Rd2+ 24. Kc1 Rc2+ 25. Kb1 Rd2+ 26. Kc1 Rc2+ 27. Kb1
1/2-1/2

[Event "FINAL MISTRZOSTW POLSKI MLODZIKOW 2016 - CHLOPCY"]
[Site "Jastrzebia Gora"]
[Date "1899-12-30"]
[Round "7.7"]
[White "Karwacki, Piotr"]
[Black "Madajczak, Piotr"]
[Result "0-1"]
[WhiteTitle "II"]
[BlackTitle "II"]
[WhiteElo "1164"]
[BlackElo "1377"]

1. e4 c5 2. Nf3 d6 3. d4 cxd4 4. Nxd4 Nf6 5. Nc3 g6 6. Be3 Bg7 7. f3 Nc6 8. Qd2
O-O 9. O-O-O Bd7 10. Kb1 Rb8 11. h4 h5 12. Be2 Qc8 13. Nb3 b6 14. Bh6 Ne5 15.
Bxg7 Kxg7 16. Qd4 Qb7 17. f4 Nc6 18. Qf2 Na5 19. e5 dxe5 20. fxe5 Ng4 21. Qd4
Be6 22. Bxg4 Nxb3 23. axb3 Bxg4 24. Rdg1 Rbd8 25. Qe3 Rd7 26. Ne4 Rc7 27. Ng5
Bf5 28. Rc1 Qxg2 29. e6 Bxc2+ 30. Ka1 Qb7 31. Qe2 Bxb3 32. Nxf7 Qd5 33. Rxc7 Qxh1+
0-1

[Event "FINAL MISTRZOSTW POLSKI MLODZIKOW 2016 - CHLOPCY"]
[Site "Jastrzebia Gora"]
[Date "1899-12-30"]
[Round "7.8"]
[White "Krupinski, Mikolaj"]
[Black "Demski, Michal"]
[Result "0-1"]
[WhiteTitle "II"]
[BlackTitle "II"]
[WhiteElo "1372"]
[BlackElo "1278"]

1. e4 e5 2. Nf3 Nc6 3. Bc4 Bc5 4. c3 Nf6 5. d3 d6 6. Bb3 Be6 7. Bxe6 fxe6 8. Qb3
Qc8 9. O-O O-O 10. h3 h6 11. Nbd2 Bb6 12. Qd1 Qe8 13. Re1 Nh5 14. Nc4 Qg6 15.
Nxb6 axb6 16. Be3 Nf4 17. Bxf4 Rxf4 18. Re3 Raf8 19. Kh2 Qh5 20. Qe2 g5 21. g3
Rxf3 22. Rxf3 Rxf3 23. Rg1 Kh7 24. Rg2 Kg6 25. Kg1 Rf6 26. g4 Qxh3 27. Rg3 Qh4
28. Kg2 h5 29. f3 hxg4 30. fxg4 Qh8 31. Rh3 Qf8 32. Qe3 Rf4 33. Qe2 d5 34. exd5
exd5 35. d4 Re4 36. Qd1 exd4 37. Rf3 Rxg4+ 38. Kf2 Rf4 39. Qb1+ Kg7 40. Rxf4 Qxf4+
41. Kg1 Qe3+ 42. Kf1 d3 43. Kg2 Qe2+ 44. Kg3 d2 45. Qf5 Qe3+ 46. Kg2 Qe4+ 0-1

[Event "FINAL MISTRZOSTW POLSKI MLODZIKOW 2016 - CHLOPCY"]
[Site "Jastrzebia Gora"]
[Date "1899-12-30"]
[Round "7.9"]
[White "Fronczyk, Wiktor"]
[Black "Wierzbicki, Dawid"]
[Result "1/2-1/2"]
[WhiteTitle "II"]
[BlackTitle "II"]
[WhiteElo "1251"]
[BlackElo "1269"]

1. e4 e5 2. Nf3 Nc6 3. Bb5 Bc5 4. c3 Nf6 5. d4 Bb6 6. O-O O-O 7. Re1 d6 8. h3 Bd7
9. Bg5 h6 10. Bh4 Re8 11. Qd2 a6 12. Ba4 Kh7 13. Bc2 Kg8 14. Na3 exd4 15. cxd4
Ba5 16. Qe2 Bxe1 17. Rxe1 Qc8 18. Bxf6 gxf6 19. Qd2 Kg7 20. Nc4 d5 21. exd5 Rxe1+
22. Qxe1 Na7 23. Qe4 Qh8 24. Qf4 c6 25. Ne3 Qb8 26. Qe4 Qh8 27. Qf4 Qb8 28. Qe4
Qh8 29. Qf4 Qb8 1/2-1/2

[Event "FINAL MISTRZOSTW POLSKI MLODZIKOW 2016 - CHLOPCY"]
[Site "Jastrzebia Gora"]
[Date "1899-12-30"]
[Round "7.10"]
[White "Rzenca, Jerzy"]
[Black "Nowak, Filip"]
[Result "1/2-1/2"]
[WhiteTitle "II"]
[BlackTitle "II"]
[WhiteElo "1196"]
[BlackElo "1257"]

1. d4 e6 2. Nf3 d5 3. g3 Nf6 4. Bg2 c5 5. O-O Nc6 6. Bf4 Qb6 7. b3 cxd4 8. Ne5
Bc5 9. Qd2 O-O 10. Rd1 Bd7 11. Nxc6 Bxc6 12. Be5 Rac8 13. Bxd4 Bxd4 14. Qxd4 Qxd4
15. Rxd4 Bb5 16. Rd2 Rc7 17. Na3 Ba6 18. e3 Rfc8 19. Rad1 b5 20. b4 Rc3 21. Rd3
h6 22. Rxc3 Rxc3 23. Rd3 Rxd3 24. cxd3 Nd7 25. d4 Nb6 26. Bf1 Nc4 27. Nxc4 bxc4
28. Be2 Bb5 29. Bd1 Kf8 30. a4 Ba6 31. b5 Bb7 32. Kf1 a6 33. Ke2 a5 34. Bc2 f5
35. h3 Kf7 36. Kf3 Kf6 37. Ke2 g6 38. f4 h5 39. h4 Kf7 40. Kf3 Kf6 1/2-1/2

[Event "FINAL MISTRZOSTW POLSKI MLODZIKOW 2016 - CHLOPCY"]
[Site "Jastrzebia Gora"]
[Date "1899-12-30"]
[Round "7.11"]
[White "Madej, Marek"]
[Black "Paszkowski, Krystian"]
[Result "1-0"]
[WhiteTitle "II"]
[BlackTitle "III"]
[WhiteElo "1240"]
[BlackElo "1074"]

1. d4 Nf6 2. c4 g6 3. Nf3 Bg7 4. g3 O-O 5. Bg2 Re8 6. O-O d6 7. Nc3 d5 8. cxd5
Nxd5 9. e4 Nxc3 10. bxc3 c5 11. Be3 Nc6 12. Qd2 Qa5 13. Rfd1 Bg4 14. h3 Bxf3 15.
Bxf3 Red8 16. Qb2 b5 17. a3 Rac8 18. Rac1 c4 19. Bg4 Ra8 20. Bf4 Qb6 21. Rb1 a6
22. d5 Ne5 23. Be2 Nd7 24. Qa2 Rac8 25. Bxc4 Rxc4 26. Qxc4 bxc4 27. Rxb6 Nxb6
28. Bc7 Rc8 29. Bxb6 Bxc3 30. f4 Bb2 31. Rd2 c3 32. Rc2 Bxa3 33. Ba5 Bb2 34. Kf2
Rc5 35. Bb4 Rc4 36. Bxe7 a5 37. Ke3 Rc7 38. Bd6 Ra7 39. Bc5 Ra8 40. Kd4 a4 41.
d6 a3 42. Bxa3 Bxa3 43. e5 Kf8 44. Kxc3 Rc8+ 45. Kb3 Rxc2 46. Kxc2 Ke8 47. Kd3
Kd7 48. Kd4 Ke6 49. g4 Bb4 50. Ke4 Ba5 51. f5+ Kd7 52. Kd5 1-0

[Event "FINAL MISTRZOSTW POLSKI MLODZIKOW 2016 - CHLOPCY"]
[Site "Jastrzebia Gora"]
[Date "1899-12-30"]
[Round "7.13"]
[White "Wieczorek, Mikolaj"]
[Black "Kusiak, Mateusz"]
[Result "1-0"]
[WhiteTitle "II"]
[BlackTitle "III"]
[WhiteElo "1217"]
[BlackElo "1085"]

1. e4 c5 2. Nf3 a6 3. d4 cxd4 4. Nxd4 Nf6 5. Nc3 Nc6 6. Nxc6 bxc6 7. e5 Ng8 8.
Bc4 g6 9. Qf3 e6 10. O-O Bg7 11. Bf4 Ne7 12. Ne4 Nf5 13. Bg5 Qb6 14. g4 Bxe5 15.
Nf6+ Bxf6 16. Bxf6 Nd4 17. Qe3 Rf8 18. Qxd4 Qxd4 19. Bxd4 Rb8 20. Be5 Rb4 21.
b3 Rg8 22. c3 Rb6 23. a4 a5 24. Rab1 d5 25. Bd3 Ba6 26. Bxa6 Rxa6 27. b4 axb4
28. Rxb4 Ra8 29. Rfb1 f5 30. Rb8+ 1-0

[Event "FINAL MISTRZOSTW POLSKI MLODZIKOW 2016 - CHLOPCY"]
[Site "Jastrzebia Gora"]
[Date "1899-12-30"]
[Round "7.14"]
[White "Czernecki, Andrzej"]
[Black "Malinowski, Szymon"]
[Result "1-0"]
[WhiteTitle "II"]
[BlackTitle "II+"]
[WhiteElo "1469"]
[BlackElo "1175"]

1. e4 c6 2. d4 d5 3. Nc3 e6 4. exd5 exd5 5. Bf4 Bd6 6. Bxd6 Qxd6 7. Bd3 Nf6 8.
Nf3 Bg4 9. O-O O-O 10. Re1 Nbd7 11. h3 Bh5 12. a3 Qf4 13. Ne2 Qd6 14. Ng3 Bg6
15. Bxg6 fxg6 16. Ne5 Rad8 17. Qd3 a6 18. c4 Qc7 19. Rac1 Nxe5 20. dxe5 dxc4 21.
Qxc4+ Nd5 22. Ne4 Qf7 23. e6 Qe7 24. Nc5 Rf4 25. Qe2 Rdf8 26. Nd7 Rxf2 27. Qxf2
Rxf2 28. Kxf2 Nf4 29. Rc3 Nxe6 30. Rce3 Qf7+ 31. Kg1 Qxd7 32. Rxe6 Qd4+ 33. Kh1
h6 34. b4 Kh7 35. Re7 Qc3 36. R1e3 Qc1+ 37. Kh2 g5 38. Rf3 c5 39. bxc5 Qxc5 40.
Rxb7 Qd6+ 41. Rg3 Qe5 42. Ra7 h5 43. h4 Qd4 44. Rxa6 Qxh4+ 45. Rh3 Qf4+ 46. Kg1
Qd4+ 47. Kh2 h4 48. a4 Qf2 49. Ra5 Kh6 50. Rf3 Qe1 51. Ra6+ g6 52. Rff6 Qe5+ 53.
Kg1 Qe1+ 54. Kh2 Qg3+ 55. Kg1 Qe1+ 56. Kh2 Qb4 57. Rxg6+ Kh5 58. Rh6+ Kg4 59.
Rhf6 Qb8+ 60. Kh1 h3 61. gxh3+ Kxh3 62. Rf3+ Kg4 63. Raf6 Qb1+ 64. Rf1 Qe4+ 65.
R1f3 Qxa4 66. Kg2 Qc2+ 67. Rf2 Qe4+ 68. Kh2 Kh5 69. R6f5 Qh4+ 70. Kg2 Kg4 71.
R5f3 Qh1+ 72. Kxh1 Kh4 73. Rg2 g4 74. Rfg3 Kh5 75. Rxg4 Kh6 76. R4g3 Kh5 77. Rh2#
1-0

[Event "FINAL MISTRZOSTW POLSKI MLODZIKOW 2016 - CHLOPCY"]
[Site "Jastrzebia Gora"]
[Date "1899-12-30"]
[Round "7.15"]
[White "Goral, Jan"]
[Black "Karolczuk, Iwo"]
[Result "1-0"]
[WhiteTitle "II"]
[BlackTitle "III"]
[WhiteElo "1273"]
[BlackElo "1114"]

1. d4 Nf6 2. Nf3 e6 3. a3 d5 4. c4 b6 5. Nc3 Bb7 6. cxd5 Nxd5 7. Qc2 Nxc3 8. Qxc3
a5 9. Qb3 Bd5 10. Qd3 f5 11. Bg5 Be7 12. Bxe7 Qxe7 13. O-O-O O-O 14. e3 Qd6 15.
Qc3 Nd7 16. Bc4 Nf6 17. Ne5 Ne4 18. Qc2 Bxc4 19. Nxc4 Qc6 20. f3 Nf2 21. Qxf2
Qxc4+ 22. Qc2 Qa6 23. Kb1 Qb7 24. Rc1 Rfc8 25. Qc4 Qd5 26. Qxd5 exd5 27. Rc6 b5
28. Rhc1 Ra7 29. R1c5 b4 30. axb4 axb4 31. Rxd5 Rca8 32. Rxf5 b3 33. Kc1 Ra1+
34. Kd2 Rb1 35. Rxc7 Rxb2+ 36. Kd3 Rxg2 37. Kc3 b2 38. Rb7 Ra3+ 39. Kc4 Rc2+ 40.
Kd5 h6 41. Re5 Ra1 42. Re8+ Kh7 43. Reb8 Ra5+ 44. Ke4 Ra2 45. h4 Rh2 46. f4 Rc2
47. f5 Rf2 48. Ke5 Ra5+ 49. d5 Ra3 50. e4 Ra2 51. Ke6 Ra6+ 52. d6 Rd2 53. Rb6
b1=Q 54. Rxb1 Raxd6+ 55. Ke5 Rd7 56. R8b7 Rd8 57. Rg1 Re8+ 58. Kf4 Rg8 59. Ke3
Rd6 60. e5 Ra6 61. f6 Ra3+ 62. Ke4 Ra4+ 63. Kf5 Rxh4 64. Rgxg7+ Rxg7 65. Rxg7+
Kh8 66. Kg6 Rg4+ 67. Kxh6 Rxg7 68. fxg7+ Kg8 69. Kg5 Kxg7 70. e6 Kg8 71. Kg6 Kf8
72. Kf6 Ke8 73. e7 Kd7 74. Kf7 Kc8 75. e8=Q+ Kb7 76. Qe6 Kc7 77. Ke7 Kb7 78. Qd6
Ka7 79. Qc6 Kb8 80. Qd7 Ka8 81. Kd6 Kb8 82. Kc6 Ka8 83. Qb7# 1-0

[Event "FINAL MISTRZOSTW POLSKI MLODZIKOW 2016 - CHLOPCY"]
[Site "Jastrzebia Gora"]
[Date "1899-12-30"]
[Round "7.16"]
[White "Jedraszek, Pawel"]
[Black "Wilk, Igor"]
[Result "1-0"]
[WhiteTitle "II"]
[BlackTitle "III"]
[WhiteElo "1261"]
[BlackElo "1103"]

1. e4 e6 2. d4 d5 3. Nc3 Bb4 4. e5 c5 5. Bd2 Ne7 6. Nb5 O-O 7. f4 Bxd2+ 8. Qxd2
cxd4 9. Nd6 Nbc6 10. O-O-O f6 11. exf6 Qxd6 12. fxe7 Nxe7 13. g3 Nc6 14. Ne2 Qb4
15. Qxb4 Nxb4 16. a3 Nc6 17. Nxd4 Nxd4 18. Rxd4 Rd8 19. c4 Rd7 20. cxd5 Rxd5 21.
Rxd5 exd5 22. Bg2 Be6 23. Kd2 Kf8 24. Rc1 Rd8 25. Rc7 Rd7 26. Rxd7 Bxd7 27. Bxd5
b6 28. Ke3 Ke7 29. b4 h6 30. Bf3 Kd6 31. Kd4 Be6 32. g4 Bf7 33. h4 Be8 34. Be4
Bf7 35. f5 Bb3 36. g5 hxg5 37. hxg5 Bf7 38. Bd3 Be8 39. Bc4 Ke7 40. Ke5 b5 41.
Bb3 Kd7 42. Bd5 Ke7 43. f6+ gxf6+ 44. gxf6+ Kd7 45. f7 Bxf7 46. Bxf7 Kc6 47. Ke6
Kb6 48. Kd6 a5 49. Be8 axb4 50. axb4 Ka6 51. Kc6 Ka7 52. Kxb5 Kb7 53. Kc5 Kc8
54. b5 Kb8 55. b6 Kb7 56. Bc6+ Kc8 57. b7+ Kc7 58. Kd5 Kb8 59. Kd6 Ka7 60. Kc7
1-0

[Event "FINAL MISTRZOSTW POLSKI MLODZIKOW 2016 - CHLOPCY"]
[Site "Jastrzebia Gora"]
[Date "1899-12-30"]
[Round "7.17"]
[White "Pancewicz, Szymon"]
[Black "Backiel, Hubert"]
[Result "1/2-1/2"]
[WhiteTitle "II"]
[BlackTitle "II+"]
[WhiteElo "1079"]
[BlackElo "1247"]

1. Nf3 d5 2. g3 Nc6 3. d4 Nf6 4. Bg2 Bf5 5. O-O e6 6. c4 Bd6 7. Nc3 O-O 8. Bg5
Be7 9. cxd5 Nxd5 10. Bxe7 Ndxe7 11. e4 Bg4 12. d5 Ne5 13. h3 Nxf3+ 14. Bxf3 Bxh3
15. Re1 e5 16. Qb3 Rb8 17. Rac1 Bd7 18. Red1 Ng6 19. d6 c6 20. Qa3 Qb6 21. Na4
Qa6 22. Nc5 Qxa3 23. bxa3 Rfd8 24. Rd2 Nf8 25. Rb2 Bc8 26. Na6 Ra8 27. Nc7 Rb8
28. Na6 Ra8 29. Nc7 Rb8 30. Na6 Ra8 1/2-1/2

[Event "FINAL MISTRZOSTW POLSKI MLODZIKOW 2016 - CHLOPCY"]
[Site "Jastrzebia Gora"]
[Date "1899-12-30"]
[Round "7.19"]
[White "Czaja, Adrian"]
[Black "Nowicki, Filip"]
[Result "0-1"]
[WhiteTitle "II"]
[BlackTitle "III"]
[WhiteElo "1196"]
[BlackElo "1092"]

1. c4 e5 2. Nc3 d6 3. g3 g6 4. Bg2 Bg7 5. e4 Be6 6. d3 Nc6 7. Nge2 Nge7 8. O-O
O-O 9. Be3 Qd7 10. Rb1 a6 11. a3 f5 12. Qd2 Kh8 13. f4 Na7 14. exf5 Nxf5 15. Bxb7
Rab8 16. Bg2 Nc6 17. b4 Nxe3 18. Qxe3 exf4 19. Rxf4 Rfe8 20. Bxc6 Qxc6 21. Qf3
Qxf3 22. Rxf3 Bg4 23. Rf2 Re3 24. Rc1 Rbe8 25. Rc2 Rxd3 26. Rf1 Bxe2 27. Rxe2
Rxe2 28. Nxe2 Rxa3 29. Rf7 c5 30. bxc5 dxc5 31. Rc7 Bd4+ 32. Nxd4 cxd4 33. Rd7
d3 34. c5 Rc3 35. c6 Rxc6 36. Rxd3 Rc8 37. Ra3 Ra8 38. h4 Kg7 39. Kf2 a5 40. Kf3
Kf6 41. Kf4 a4 42. Ke4 Ra5 43. Rf3+ Ke6 44. Ra3 Kd6 45. Kd4 Kd7 46. Kc4 Kc6 47.
Kb4 Ra8 48. Kc4 Ra7 49. Kb4 Kd5 50. Rd3+ Ke4 51. Ra3 Kf5 52. Kc5 Kg4 53. Kd5 Kh3
54. Ke5 Kg2 55. Kf4 Ra5 56. Ke4 Kf2 57. Kf4 Ke2 58. Ke4 Kd2 59. Kd4 Kc2 60. Kc4
Kb2 61. Kb4 Ra8 62. Rf3 a3 63. Rf2+ Kc1 64. Ra2 Kb1 65. Rf2 a2 66. Kb3 Rb8+ 67.
Ka3 a1=Q+ 68. Ra2 Qxa2# 0-1

[Event "FINAL MISTRZOSTW POLSKI MLODZIKOW 2016 - CHLOPCY"]
[Site "Jastrzebia Gora"]
[Date "1899-12-30"]
[Round "7.20"]
[White "Wolski, Michal"]
[Black "Pisarek, Jan"]
[Result "1/2-1/2"]
[WhiteTitle "II"]
[BlackTitle "II"]
[WhiteElo "1116"]
[BlackElo "1191"]

1. e4 c5 2. Nf3 d6 3. c3 d5 4. Bd3 e6 5. Bc2 Nf6 6. e5 Nfd7 7. O-O Be7 8. d4 O-O
9. Qd3 g6 10. Bh6 Re8 11. Nbd2 Bf8 12. Qe3 cxd4 13. cxd4 Bg7 14. Bxg7 Kxg7 15.
Rac1 Nc6 16. Nb3 Nb6 17. Bd3 Bd7 18. Nc5 Rb8 19. Rfd1 Nb4 20. a3 Nxd3 21. Qxd3
Nc4 22. Qb3 b6 23. Nxd7 Qxd7 24. Nd2 Nxd2 25. Rxd2 Rbc8 26. Rdd1 Rxc1 27. Rxc1
Rc8 28. Rxc8 Qxc8 29. Qc3 Qd7 30. g3 Kf8 31. Kf1 Ke7 32. Qb4+ Kd8 33. Ke2 Kc7
34. Kd3 a5 35. Qc3+ Qc6 36. Qxc6+ Kxc6 37. Kc3 Kb5 38. Kb3 a4+ 39. Kc3 Ka5 40.
b3 b5 41. b4+ Kb6 42. Kd3 Kc7 43. Ke3 Kd7 44. Kf4 h6 45. h4 Ke7 46. g4 Kf8 47.
g5 h5 48. f3 1/2-1/2